Memorias palenqueras y raizales / (Registro nro. 15596)
[ vista simple ]
| 000 -LEADER | |
|---|---|
| fixed length control field | 01179nam a22002657a 4500 |
| 003 - CONTROL NUMBER IDENTIFIER | |
| control field | OSt |
| 005 - DATE AND TIME OF LATEST TRANSACTION | |
| control field | 20250702103421.0 |
| 008 - FIXED-LENGTH DATA ELEMENTS--GENERAL INFORMATION | |
| fixed length control field | 210914b2011 ck ||||gr|||| 00| 0 spa d |
| 020 ## - INTERNATIONAL STANDARD BOOK NUMBER | |
| International Standard Book Number | 9789589993545 |
| 040 ## - CATALOGING SOURCE | |
| Original cataloging agency | CO-JMCR |
| Transcribing agency | CO-JMCR |
| 041 0# - LANGUAGE CODE | |
| Language code of text/sound track or separate title | spa |
| 082 04 - DEWEY DECIMAL CLASSIFICATION NUMBER | |
| Classification number | J-P |
| Item number | MEMm |
| Edition number | 23 |
| 100 1# - MAIN ENTRY--PERSONAL NAME | |
| Personal name | Vanín, Alfredo, |
| Relator term | prologuista |
| 9 (RLIN) | 936 |
| 245 10 - TITLE STATEMENT | |
| Title | Memorias palenqueras y raizales / |
| Statement of responsibility, etc. | prólogo de Alfredo Vanín |
| 260 ## - PUBLICATION, DISTRIBUTION, ETC. | |
| Place of publication, distribution, etc. | Bogotá : |
| Name of publisher, distributor, etc. | Alcaldía Mayor de Bogotá : Instituto Distrital de las Artes-Idartes, |
| Date of publication, distribution, etc. | 2011 |
| 300 ## - PHYSICAL DESCRIPTION | |
| Extent | 77 páginas ; |
| Dimensions | 17 cm. |
| 490 0# - SERIES STATEMENT | |
| Series statement | Libro al viento ; |
| Volume/sequential designation | 79 |
| 500 ## - GENERAL NOTE | |
| General note | "Fragmentos traducidos de la lengua palenquera y el creole" portada |
| 505 0# - FORMATTED CONTENTS NOTE | |
| Title | Batata / |
| Statement of responsibility | Javier Burgos Cantor |
| Title | El bullerengue es del cielo / |
| Statement of responsibility | Manuel Burgos Navarro |
| Title | El archipiélago de San Andrés y Providencia: entre la negridad y los colores / |
| Statement of responsibility | Jairo Archbold Núñez |
| Title | Navidad con Tante Friday / |
| Statement of responsibility | Hazel Robinson Abrahams |
| 650 14 - SUBJECT ADDED ENTRY--TOPICAL TERM | |
| Topical term or geographic name entry element | Raizales |
| General subdivision | Historia |
| Geographic subdivision | San Andrés (Isla, Colombia) |
| 9 (RLIN) | 40403 |
| 650 24 - SUBJECT ADDED ENTRY--TOPICAL TERM | |
| Topical term or geographic name entry element | Afrocolombianos |
| General subdivision | Historia |
| 9 (RLIN) | 40404 |
| 650 24 - SUBJECT ADDED ENTRY--TOPICAL TERM | |
| Topical term or geographic name entry element | Esclavitud |
| Geographic subdivision | Colombia |
| 9 (RLIN) | 40405 |
| 650 24 - SUBJECT ADDED ENTRY--TOPICAL TERM | |
| Topical term or geographic name entry element | Navidad |
| Form subdivision | Ritos y ceremonias |
| Geographic subdivision | Colombia |
| 9 (RLIN) | 40406 |
| 942 ## - ADDED ENTRY ELEMENTS (KOHA) | |
| Source of classification or shelving scheme | Dewey Decimal Classification |
| Koha item type | Books |
| Withdrawn status | Lost status | Source of classification or shelving scheme | Damaged status | Not for loan | Collection code | Home library | Current library | Date acquired | Source of acquisition | Total Checkouts | Full call number | Barcode | Date last seen | Date last checked out | Copy number | Price effective from | Koha item type |
|---|---|---|---|---|---|---|---|---|---|---|---|---|---|---|---|---|---|
| Dewey Decimal Classification | Non-fiction | Biblioteca Pública José María del Castillo y Rada | Biblioteca Pública José María del Castillo y Rada | 08/04/2021 | Donación | 1 | J-P MEMm | 201811078 | 06/13/2023 | 06/09/2023 | Ej.2 | 09/14/2021 | Books | ||||
| Dewey Decimal Classification | Non-fiction | Biblioteca Pública José María del Castillo y Rada | Biblioteca Pública José María del Castillo y Rada | 08/04/2021 | Donación | J-P MEMm | 201808890 | 11/17/2021 | Ej.1 | 09/14/2021 | Books |